Quizzes
Events
Quiz Creation
Community
Videos
Private Events
Remove Ads
Sign In
Join for FREE
Feedback
Dark Mode
Quiz Categories
Sports
Geography
Music
Movies
Television
Just For Fun
Miscellaneous
History
Literature
Language
Science
Gaming
Entertainment
Religion
Holiday
For Kids
Quiz Lab
Recent
Popular Today
Quiz Kudos Today
Editor Picks
Curator Picks
Quizzes by...
Day
Popularity
Type
Ratings
Length
Year
Community
Subscriptions
Recent Discussions
Orange Saloon
Badges
Playlists
Quests
Create
Leaderboards
Showdown
Live 5
Trivia Bingo
Activity
Puzzle Library
Sporcle Events
Private Events
Virtual Trivia
Globe League
Become a Host
Pub Owners
SporcleCon
Opinionation
Our Games
Videos
Blog
Mobile Apps
Partnerships
Remove Ads and Go Orange
Feedback
Literature
Harry Potter
A Song of Ice and Fire
The Hunger Games
Literary Character
Shakespeare
Book
Author
Novel
Poem
Young Adult
Children's Books
Play
Lord of the Rings
Literature
Harry Potter
A Song of Ice and Fire
The Hunger Games
Literary Character
Shakespeare
Book
Author
Novel
Poem
Young Adult
Children's Books
Play
Lord of the Rings
Random Quiz
Search Sporcle
×
Quiz Lab
Quiz Lab
Literature
Literary Character
Select answers by clicking on text or image buttons
Select answers by clicking on text or image buttons
Clickable
Best Score? Go Orange.
Match the Character to the Work #8 Stats
Can you Match the Character to the Work? #8
By
MattPriceTime
10m
50 Questions
64 Plays
64 Plays
64 Plays
Comments
Comments
Give Quiz Kudos
Give Quiz Kudos
-
- Ratings
hide this ad
Forced Order
Answers have to be entered in order
Answers have to be entered in order
Replay
Link that replays current quiz
Next Quiz
Link to next quiz in quiz playlist
You Got
0%
They Got
Avg Score
34%
Avg Friend Score
Upgrade to see
Score Distribution
Jump to the score distribution portion of the page
Score
0/50
Timer
10:00
0
Plays Today
% Correct
A Christmas Carol
93.8%
Frankenstein
93.8%
Harry Potter and the Philosopher's Stone
85.9%
Little Red Riding Hood
85.9%
The Girl with the Dragon Tattoo
85.9%
The Hunger Games
82.8%
Oliver Twist
78.1%
American Psycho
78.1%
The Metamorphosis
76.6%
The Merchant of Venice
67.2%
Anne of Green Gables
67.2%
Kaa's Hunting
67.2%
Mary Poppins
51.6%
The Secret in the Old Attic
46.9%
Oryx and Crake
45.3%
The Third Man
45.3%
Nineteen-Eighty-Four
40.6%
Tarzan of the Apes
39.1%
The Scarlet Pimpernel
35.9%
She: A History of Adventure
23.4%
Elephants Can Remember
21.9%
The Black Stallion
20.3%
The Night Circus
18.8%
The Rose Tattoo
18.8%
A Dog of Flanders
18.8%
% Correct
The Phoenix on the Sword
17.2%
The Masque of the Red Death
17.2%
Dr. Ox's Experiment
17.2%
From Doon With Death
15.6%
The Witching Hour
15.6%
Christine
15.6%
IT
15.6%
Jurassic Park
15.6%
Gathering Blue
14.1%
The Man Who Laughs
14.1%
Arrowsmith
14.1%
The Camel Club
12.5%
The Virginian
12.5%
Nightmare at 20,000 Feet
12.5%
Code Orange
12.5%
The Magicians' Guild
12.5%
The Last Illusion
12.5%
Merciful Plunder
12.5%
Fireworks and Darkness
12.5%
A Great and Terrible Beauty
12.5%
Halfway Across the Galaxy and Turn Left
12.5%
On Basilisk Station
10.9%
The Cry of the Owl
10.9%
Clockwork Angel
10.9%
The Sky Pirate
7.8%
Quiz Playlist
Details
Report
Send in Message
Add To Playlist
Clickable:
Select answers by clicking on text or image buttons
Forced Order:
Answers have to be entered in order
Last Updated: Feb 16, 2017
Quiz Scoreboard
CHALLENGE
Sign Up to Join the Scoreboard
Show All
Scores
Hide
Comments
May contain spoilers
Recently Published
9x9 Crossword: Cartoon Network
by jackfrog10
Miscellaneous
3m
College Basketball Coaching Resumes
by pancakes188
Sports
9m
Billboard Blitz: Fleetwood Mac
by CooCooCachoo
Music
15s
More to Explore
Quiz From the Vault
Featured Blog Post
Where Did the Easter Bunny Come From?
hide this ad
You Might Also Like...
Tags
Literary Character Quiz
Today's Top Quizzes in Literature
Browse Literature
hide this ad
Today's Top Quizzes in Literary Character
Browse Literary Character
Top Contributed Quizzes in Literature
1
Sneaky Slytherin Logic Puzzle
2
Get The Picture: Black or White Literature
3
5-to-1: Plays
4
A Court of Thorns and Roses (ACoTaR) Logic Puzzle
5
One Thing in Common: Literature
6
One Thing in Common: Literature II
7
One Thing in Common: Literature 3
8
One Thing in Common: Books
9
Literary Siblings Odd One Out III
10
Harry Potter Neighbourly Logic Puzzle #1
Explore More
Trending Topics
NBA
Anime
Harry Potter
Kpop
Disney
Marvel
Crossword
NFL
WWE
Song
Puzzle
The Office
Country
Soccer
Pokémon
hide this ad
More By:
MattPriceTime
Quiz
Plays
Rating
Category
Featured
Created
Hanna Barbera character link chain
1,042
1.80
Television
May 31, 2013
Match the Character to the work #1
917
4.00
Literature
Dec 20, 2013
Match the Character to the Work #2
708
4.00
Literature
Dec 28, 2013
Hanna Barbera Character Catch Phrase Match
535
5.00
Television
Nov 3, 2013
Hanna Barbera Voice Actor Challenge
392
5.00
Entertainment
Jul 27, 2012
Go to Creator's Profile
Score Distribution
Quiz Creator Spotlight
MattPriceTime
Follow
Send a Message
Quizzes Created
-
Created Quiz Play Count
-
More By This Creator
Popular Quizzes Today
1
Find the US States - No Outlines Minefield
2
Find the Countries of Europe - No Outlines Minefield
3
The Countries of the World
4
Find the US States
5
Risky Map Clicking: Biggest States A-Z
6
US States
7
Popular People in 1961
8
Movies - When Are They Set?
More Literature Quizzes
The First Ten... Charles Dickens Novels
Editor's Pick
Trending Quizzes
Risky Map Clicking: Least Populous States A-Z
1-10 Letter G Words
1-10 Letter F Words
Risky Map Clicking: Next State Alphabetically
Adjectives in 80s TV Shows
Recently Updated
Leaping Animals
pecheneg
Reality TV Shows (A-Z)
bhenderson79
Rickey Henderson's Hall of Fame Teammates
pecheneg
Champions League XIs: Arsenal
pecheneg
Quick Pick: Celebrities in WWE's Hall of Fame
aduchscher
A-Z Keypad Blitz II
pecheneg
Multiple Oscar Actors
pecheneg
Mystery Phrase Blitz: Oscar 'Best Actors'
pecheneg
F. Scott Fitzgerald Novels
LTH
Pick 3 Villains
ddd62291
Trending Topics
Disney
Marvel
Harry Potter
Crossword
Anime
NBA
Kpop
Soccer
The Office
Puzzle
Song
NFL
Country
Pokémon
WWE
Your Account Isn't Verified!
In order to create a playlist on Sporcle, you need to verify the email address you used during registration. Go to your
Sporcle Settings
to finish the process.
Report this User
Report this user for behavior that violates our
Community Guidelines
.
Details:
Send Report
Go to the Sporcle.com Mobile Site →
Comments